<?xml version="1.0" encoding="UTF-8"?>
<record
    xmlns:xsi="http://www.w3.org/2001/XMLSchema-instance"
    xsi:schemaLocation="http://www.loc.gov/MARC21/slim http://www.loc.gov/standards/marcxml/schema/MARC21slim.xsd"
    xmlns="http://www.loc.gov/MARC21/slim">

  <leader>00917nam#a2200253   4500</leader>
  <controlfield tag="001">9786073236935</controlfield>
  <controlfield tag="003">VST</controlfield>
  <controlfield tag="005">20240207220636.0</controlfield>
  <controlfield tag="006">m     o  d        </controlfield>
  <controlfield tag="007">cr#un#---uucau</controlfield>
  <controlfield tag="008">190614s2016    MEX                     d</controlfield>
  <datafield tag="020" ind1=" " ind2=" ">
    <subfield code="a">9786073236935</subfield>
  </datafield>
  <datafield tag="040" ind1=" " ind2=" ">
    <subfield code="a">VST</subfield>
    <subfield code="c">VST</subfield>
    <subfield code="d">VST</subfield>
  </datafield>
  <datafield tag="100" ind1="1" ind2=" ">
    <subfield code="a">Philip Kotler</subfield>
    <subfield code="e">author</subfield>
  </datafield>
  <datafield tag="245" ind1="1" ind2="0">
    <subfield code="a">Direcci&#xF3;n de Marketing, 15th Edition</subfield>
  </datafield>
  <datafield tag="250" ind1=" " ind2=" ">
    <subfield code="a">15th edition</subfield>
  </datafield>
  <datafield tag="260" ind1=" " ind2=" ">
    <subfield code="a">Mexico :</subfield>
  </datafield>
  <datafield tag="264" ind1=" " ind2="1">
    <subfield code="a">Mexico :</subfield>
    <subfield code="b">Pearson Educaci&#xF3;n,</subfield>
    <subfield code="c">2016</subfield>
  </datafield>
  <datafield tag="300" ind1=" " ind2=" ">
    <subfield code="a">1 online resource</subfield>
  </datafield>
  <datafield tag="336" ind1=" " ind2=" ">
    <subfield code="a">text</subfield>
    <subfield code="b">txt</subfield>
    <subfield code="2">rdacontent</subfield>
  </datafield>
  <datafield tag="337" ind1=" " ind2=" ">
    <subfield code="a">computer</subfield>
    <subfield code="b">c</subfield>
    <subfield code="2">rdamedia</subfield>
  </datafield>
  <datafield tag="520" ind1=" " ind2=" ">
    <subfield code="a">Direcci&#xF3;n de marketing es el libro de marketing m&#xE1;s importante porque su contenido y organizaci&#xF3;n reflejan constantemente los cambios en la teor&#xED;a y la pr&#xE1;ctica del marketing.</subfield>
  </datafield>
  <datafield tag="856" ind1="4" ind2="0">
    <subfield code="u">https://bc.vitalsource.com/tenants/Universidad_Insurgentes/libraries?bookmeta_vbid=9786073236935</subfield>
  </datafield>
  <datafield tag="952" ind1=" " ind2=" ">
    <subfield code="0">0</subfield>
    <subfield code="1">0</subfield>
    <subfield code="4">0</subfield>
    <subfield code="7">0</subfield>
    <subfield code="8">PEARSON</subfield>
    <subfield code="9">315540</subfield>
    <subfield code="a">BD-UIN</subfield>
    <subfield code="b">BD-UIN</subfield>
    <subfield code="d">2024-02-07</subfield>
    <subfield code="l">0</subfield>
    <subfield code="r">2024-02-07</subfield>
    <subfield code="w">2024-02-07</subfield>
    <subfield code="y">RAA</subfield>
  </datafield>
  <datafield tag="952" ind1=" " ind2=" ">
    <subfield code="0">0</subfield>
    <subfield code="1">0</subfield>
    <subfield code="4">0</subfield>
    <subfield code="7">0</subfield>
    <subfield code="8">PEARSON</subfield>
    <subfield code="9">315541</subfield>
    <subfield code="a">BD-UIN</subfield>
    <subfield code="b">BD-UIN</subfield>
    <subfield code="d">2024-02-07</subfield>
    <subfield code="l">0</subfield>
    <subfield code="r">2024-02-07</subfield>
    <subfield code="w">2024-02-07</subfield>
    <subfield code="y">RAA</subfield>
  </datafield>
  <datafield tag="952" ind1=" " ind2=" ">
    <subfield code="0">0</subfield>
    <subfield code="1">0</subfield>
    <subfield code="4">0</subfield>
    <subfield code="7">0</subfield>
    <subfield code="8">PEARSON</subfield>
    <subfield code="9">315542</subfield>
    <subfield code="a">BD-UIN</subfield>
    <subfield code="b">BD-UIN</subfield>
    <subfield code="d">2024-02-07</subfield>
    <subfield code="l">0</subfield>
    <subfield code="r">2024-02-07</subfield>
    <subfield code="w">2024-02-07</subfield>
    <subfield code="y">RAA</subfield>
  </datafield>
  <datafield tag="952" ind1=" " ind2=" ">
    <subfield code="0">0</subfield>
    <subfield code="1">0</subfield>
    <subfield code="4">0</subfield>
    <subfield code="7">0</subfield>
    <subfield code="8">PEARSON</subfield>
    <subfield code="9">315543</subfield>
    <subfield code="a">BD-UIN</subfield>
    <subfield code="b">BD-UIN</subfield>
    <subfield code="d">2024-02-07</subfield>
    <subfield code="l">0</subfield>
    <subfield code="r">2024-02-07</subfield>
    <subfield code="w">2024-02-07</subfield>
    <subfield code="y">RAA</subfield>
  </datafield>
  <datafield tag="952" ind1=" " ind2=" ">
    <subfield code="0">0</subfield>
    <subfield code="1">0</subfield>
    <subfield code="4">0</subfield>
    <subfield code="7">0</subfield>
    <subfield code="8">PEARSON</subfield>
    <subfield code="9">315544</subfield>
    <subfield code="a">BD-UIN</subfield>
    <subfield code="b">BD-UIN</subfield>
    <subfield code="d">2024-02-07</subfield>
    <subfield code="l">0</subfield>
    <subfield code="r">2024-02-07</subfield>
    <subfield code="w">2024-02-07</subfield>
    <subfield code="y">RAA</subfield>
  </datafield>
  <datafield tag="999" ind1=" " ind2=" ">
    <subfield code="c">157645</subfield>
    <subfield code="d">157645</subfield>
  </datafield>
</record>
